000 01289nam a2200289 i 4500
003 EG-GICUC
005 20260126140652.0
008 260126s1970 fr ||||fr|||| 00| 0 fre d
040 _aEG-GiCUC
_bfre
_cEG-GiCUC
_dEG-GiCUC
_eRda
041 0 _afre
082 0 4 _221
_a341.8
_bLA . I
092 0 4 _221
099 _aLaw1 12 341.8 LA . I 1970
100 1 _aLainé, Armand
_eAuteur
245 1 4 _aIntroduction Au Droit International Prive :
_bContenant Une Étude Historique Et Critique De La Théorie Des Statuts Et Des Rapports De Cette Théorie Avec Le Code Civil.
_nTome I er,
_pObjet Et Caractére Du Droit International Privé. Origine Et Empire De La Théorie Des Statuts. La Théorie Des Statuts Italienne. La Théorie Des Statuts Française. (Précédents, Fondation, Développement Externe) /
_cPar Armand Lainé.
264 1 _aParis :
_bVerlag Detlev Auvermann Kg,
_c1970.
300 _a433 page,
_c 22cm.
336 _2rda contenu
_a texte
337 _2rda medias
_aOrdinateur
338 _2 transporteur rda
_a Ressource en ligne
504 _acomprend des références bibliographiques
546 _aTexte en français
650 1 4 _aDroit international privé
856 4 0 _uhttps://fll.law.cu.edu.eg/fulltext/bks/B12-02143.pdf
905 _a48
942 _2ddc
_cBK
_e21
_n0
999 _c59467
_d59467